000 00358nam a2200157Ia 4500
008 210210b1933 xxu||||| |||| 00| 0 eng d
041 _aeng
082 _a886/64
100 _aTAKAKUSU
245 _aSankhya kArika
260 _aMadras
_bDiocesan Press
_c1933
650 _aSankhya
650 _akArika
690 _aSanskrit Criticism
906 _a024571
999 _c150108
_d150108